000 00638nam a22002057a 4500
003 OSt
005 20140310182339.0
008 130925t xxu||||| |||| 00| 0 eng d
020 _a9812448500
050 _aPE 1112
_b.F624 2010
100 _aForlini, Gary
_910968
245 _aPrentice-Hall grammar and composition. Level 4 /
_cGary Forlini.
260 _aEnglewood Cliffs, N.J :
_bPrentice-Hall, 1
_cc990.
300 _a912 p. :
_c21 cm.
500 _aIncludes Index
651 _aEnglish language
_xGrammar.
_921697
651 _aEnglish language
_xComposition and exercises.
_921698
942 _2lcc
_cBK-TR
999 _c12117
_d12117